Goethes Faust (Record no. 6747)
[ view plain ]
| 000 -CABECERA | |
|---|---|
| campo de control de longitud fija | 00655nam a2200217 a 4500 |
| 001 - NÚMERO DE CONTROL | |
| campo de control | BRCA_7066 |
| 005 - FECHA Y HORA DE LA ÚLTIMA TRANSACCIÓN | |
| campo de control | 20190320205712.0 |
| 008 - DATOS DE LONGITUD FIJA--INFORMACIÓN GENERAL | |
| campo de control de longitud fija | 071211s1920----gw-#######---#000-0#ger-#b.W45 1 1920 |
| 100 1# - ENTRADA PRINCIPAL--NOMBRE DE PERSONA | |
| Nombre de persona | Weidel, Karl |
| 9 (RLIN) | 17572 |
| 245 10 - MENCIÓN DE TÍTULO | |
| Título | Goethes Faust |
| Resto del título | eine Einführung in sein Verständnis |
| Mención de responsabilidad, etc. | von Dr. Karl Weidel |
| 260 ## - PUBLICACIÓN, DISTRIBUCIÓN, ETC. | |
| Lugar de publicación, distribución, etc. | Magdeburgo |
| Nombre del editor, distribuidor, etc. | Fritz Wolf |
| Fecha de publicación, distribución, etc. | [192-?] |
| 300 ## - DESCRIPCIÓN FÍSICA | |
| Extensión | 230 p. |
| Dimensiones | 19 cm. |
| 440 #0 - MENCIÓN DE SERIE/PUNTO DE ACCESO ADICIONAL--TÍTULO | |
| Título | Deutsche Bildung |
| Designación de volumen o secuencia | 1 |
| 9 (RLIN) | 17573 |
| 500 ## - NOTA GENERAL | |
| Nota general | Título de cuebierta: Goethe Faust |
| 500 ## - NOTA GENERAL | |
| Nota general | Estado físico: Lomo deteriorado |
| 500 ## - NOTA GENERAL | |
| Nota general | Ver también O43 |
| 500 ## - NOTA GENERAL | |
| Nota general | O33 |
| 650 14 - PUNTO DE ACCESO ADICIONAL DE MATERIA--TÉRMINO DE MATERIA | |
| Término de materia o nombre geográfico como elemento de entrada | Literatura Alemana |
| 9 (RLIN) | 6160 |
| 902 ## - CATALOGADOR | |
| Iniciales | GFM |
| 942 ## - ELEMENTOS DE PUNTO DE ACCESO ADICIONAL (KOHA) | |
| Fuente del sistema de clasificación o colocación | Library of Congress Classification |
| Tipo de ítem Koha | Libros |
| Estado de retiro | Estado de pérdida | Estado dañado | No para préstamo | Localización permanente | Ubicación/localización actual | Fecha de adquisición | Número de inventario | Total de préstamos | Signatura topográfica completa | Código de barras | Fecha visto por última vez | Precio válido a partir de | Tipo de ítem Koha |
|---|---|---|---|---|---|---|---|---|---|---|---|---|---|
| El ejemplar forma parte de la colección y puede ser consultado según las políticas vigentes. | Biblioteca del Museo Franz Mayer (Rogerio Casas-Alatriste) | Biblioteca del Museo Franz Mayer (Rogerio Casas-Alatriste) | 07/12/2011 | O33 | (O33) | 7513 | 22/03/2019 | 22/03/2019 | Libros |